[Event "RSA-chT U18"]
[Site "Cape Town"]
[Date "2016.01.06"]
[Round "6.3"]
[White "Minnaar, Zander"]
[Black "Govender, Shivan"]
[Result "1-0"]
[WhiteElo "1454"]
[BlackElo "1216"]
[PlyCount "63"]
[EventDate "2016.01.04"]
[EventType "team-tourn"]
[EventRounds "7"]
[EventCountry "RSA"]
[SourceTitle "CBM 170 Extra"]
[Source "ChessBase"]
[SourceDate "2016.02.25"]
[SourceVersion "1"]
[SourceVersionDate "2016.02.25"]
[SourceQuality "1"]
[WhiteTeam "Sedibeng"]
[BlackTeam "Ethekwini"]
[WhiteTeamCountry "RSA"]
[BlackTeamCountry "RSA"]

1. e4 e5 2. Nf3 Nc6 3. Bc4 Bc5 4. c3 Nf6 5. d4 exd4 6. cxd4 Bb4+ 7. Nc3 Nxe4 8. 0-0 Bxc3 9. bxc3 d5 10. Bb3 0-0 11. Ba3 Re8 12. Rc1 Be6 13. Ba4 f6 14. Re1 Nd6 15. Nd2 a6 16. Rb1 b5 17. Bc2 Bf5 18. Rxe8+ Qxe8 19. Bxf5 Nxf5 20. Qf3 Qd7 21. Re1 Rd8 22. Nb3 Qc8 23. Nc5 b4 24. Bxb4 Nxb4 25. cxb4 Nxd4 26. Qd3 Nc6 27. a3 Nb8 28. Re7 Nc6 29. Re6 Nxb4 30. axb4 c6 31. Qg3 Qd7 32. Nxd7 1-0